[Event "Open"]
[Site "Pamplona ESP"]
[Date "2004.12.26"]
[Round "6"]
[White "Teran Alvarez,I"]
[Black "Cheparinov,I"]
[Result "0-1"]
[WhiteElo "2431"]
[BlackElo "2576"]

1.e4 c5 2.Nf3 d6 3.Bb5+ Nd7 4.d4 Nf6 5.Nc3 a6 6.Bxd7+ Nxd7 7.O-O e6 8.Bg5 f6
9.Be3 Be7 10.d5 e5 11.a4 O-O 12.Nd2 Rb8 13.Nc4 Nb6 14.Na3 f5 15.f3 f4 16.Bf2 Rf6
17.a5 Nd7 18.Nc4 Rh6 19.Re1 Qe8 20.h3 Qh5 21.Kf1 Rg6 22.Qd2 b5 23.axb6 Nxb6
24.Nxb6 Rxb6 25.Bg1 Bxh3  0-1

[Event "31st Eastern Open"]
[Site "Washington DC USA"]
[Date "2004.12.26"]
[Round "2"]
[White "Negulescu,Ad"]
[Black "Tapia,D"]
[Result "1-0"]
[WhiteElo "2422"]
[BlackElo "2362"]

1.e4 c5 2.Nf3 d6 3.Bb5+ Nc6 4.O-O Bd7 5.Re1 Nf6 6.c3 a6 7.Bxc6 Bxc6 8.d4 Bxe4
9.Bg5 Bxb1 10.Rxb1 cxd4 11.Qxd4 e6 12.Rbd1 Be7 13.Bxf6 gxf6 14.Qg4 Kd7 15.Nd4 Qg8
16.Qe4 Rb8 17.Nf5 Bf8 18.Qa4+ Kc7 19.Qc4+ Kd7 20.Nxd6 Bxd6 21.Rxd6+ Kxd6
22.Rd1+ Ke7 23.Qc7+ Kf8 24.Qxb8+  1-0

[Event "31st Eastern Open"]
[Site "Washington DC USA"]
[Date "2004.12.26"]
[Round "2"]
[White "Kaufman,La"]
[Black "Henry,R"]
[Result "1-0"]
[WhiteElo "2373"]
[BlackElo "2161"]

1.e4 c5 2.Nf3 d6 3.Bb5+ Bd7 4.Bxd7+ Qxd7 5.O-O Nc6 6.c3 Nf6 7.d4 e5 8.Re1 g6
9.Bg5 Bg7 10.Bxf6 Bxf6 11.dxc5 dxc5 12.Na3 Qe7 13.Nc4 O-O 14.Ne3 Qe6 15.Nd5 Rad8
16.Qd3 Ne7 17.Rad1 Nxd5 18.exd5 Qb6 19.b3 Rfe8 20.Nd2 Bg7 21.Nc4 Qa6 22.a4 f5
23.d6 Kh8 24.Qd5 e4 25.d7 Re7 26.Qxc5 Qf6 27.Qc7 Qf8 28.Qxb7 Bxc3 29.Re3 Bf6
30.Qxa7 f4 31.Ree1 Qf7 32.Qc7 Rexd7 33.Rxd7 Qxd7 34.Qxf4 Bc3 35.Rf1 Qd3 36.g3 Bg7
37.Ne5 Bxe5 38.Qxe5+ Kg8 39.Qe6+ Kh8 40.Re1  1-0

[Event "Open A"]
[Site "Bethune FRA"]
[Date "2004.12.27"]
[Round "2"]
[White "Cnossen,W"]
[Black "Van der Stricht,G"]
[Result "0-1"]
[WhiteElo "2182"]
[BlackElo "2413"]

1.e4 c5 2.Nf3 d6 3.Bb5+ Bd7 4.Bxd7+ Qxd7 5.O-O Nc6 6.c3 Nf6 7.d4 Nxe4 8.d5 Ne5
9.Re1 Nxf3+ 10.Qxf3 Nf6 11.c4 e5 12.dxe6 fxe6 13.Bg5 Be7 14.Nc3 h6 15.Qh3 O-O-O
16.Bxf6 Bxf6 17.Qxe6 Qxe6 18.Rxe6 Rhe8 19.Rae1 Rxe6 20.Rxe6 Kd7 21.Re2 Bxc3
22.bxc3 Rf8 23.g3 Rf3 24.Rb2 Kc6 25.Rb3 Rd3 26.Kg2 Rd2 27.Ra3 a6 28.Kf3 d5
29.Ke3 Rc2 30.cxd5+ Kxd5 31.h3 Kc4 32.Ra4+ Kxc3 33.f4 c4 34.f5 Rh2 35.h4 Rg2
36.Kf3 Rg1 37.Kf2 Rh1 38.Kg2 Rb1 39.g4 Kd3 40.Ra5 c3 41.Rd5+  0-1

[Event "13th Donau Open"]
[Site "Aschach AUT"]
[Date "2004.12.28"]
[Round "4"]
[White "Ardeleanu,A"]
[Black "Petkov,V"]
[Result "1/2-1/2"]
[WhiteElo "2391"]
[BlackElo "2413"]

1.e4 c5 2.Nf3 d6 3.Bb5+ Bd7 4.Bxd7+ Qxd7 5.O-O Nc6 6.c4 g6 7.Nc3 Bg7 8.d3 Nh6
9.h3 O-O 10.Bxh6 Bxh6 11.d4 cxd4 12.Nxd4 Bg7 13.Nde2 f5 14.c5 f4 15.f3 Ne5
16.cxd6 e6 17.b3 Rac8 18.Qd2 Rc6 19.Rfd1 g5 20.Rac1 Rd8 21.Kf1 b5 22.h4 h6
23.a4 a6 24.axb5 axb5 25.Nb1 Rxd6 26.Qxd6 Qxd6 27.Rxd6 Rxd6 28.hxg5 hxg5
29.Na3 b4 30.Nc2 Nc6 31.g3 fxg3 32.Nxg3 Rd2 33.Ne1 Nd4 34.Nh5 Be5 35.Rc5 Bf4
36.Nxf4 gxf4 37.Rb5 Nxb3 38.Rxb4 Nd4 39.e5 Nf5 40.Rb1 Ne3+ 41.Kg1 Kf7 42.Rb4 Nd5
43.Re4 Kg6 44.Ng2 Kg5 45.Kf1 Ra2 46.Rd4 Ra1+ 47.Kf2 Rh1 48.Ra4 Kf5 49.Re4 Rh3
50.Ne1 Nc3 51.Rc4 Nd1+ 52.Kg1 Rg3+ 53.Kh2 Ne3 54.Ra4 Nf1+ 55.Kh1 Nd2 56.Ra3 Nc4
57.Ra8 Nxe5 58.Rf8+ Kg5 59.Rg8+ Ng6 60.Kh2 Kf6 61.Rb8 Rg5 62.Ng2 Ra5 63.Rb4 Kf5
64.Kg1 e5 65.Rb7 Ra6 66.Rh7 Kg5 67.Rg7 Kf6 68.Rh7 Ra1+ 69.Kf2 Ra2+ 70.Kg1 Nf8
71.Rh6+ Kf7 72.Rh5 Ke6 73.Rh4 Ra4 74.Rh8 Nd7 75.Nh4 Nc5 76.Rh6+ Kd5 77.Nf5 Ra1+
78.Kg2 Nd3 79.Rd6+ Kc4 80.Rc6+ Kb3 81.Nh4 Re1 82.Ng6 Re3 83.Nh4 Re2+ 84.Kg1 Rc2
85.Rxc2 Kxc2 86.Kf1 Kd2 87.Ng2 Ne1 88.Kf2 Nd3+ 89.Kf1 Kd1 90.Nh4 Ne1 91.Ng6 Nd3
92.Nh4 Kd2  1/2-1/2

[Event "Russian Blitz Internet Cup Superfinal"]
[Site "chessassistantclub.com INT"]
[Date "2004.12.28"]
[Round "3"]
[White "Turov,M"]
[Black "Dobrov,V"]
[Result "0-1"]
[WhiteElo "2543"]
[BlackElo "2487"]

1.e4 c5 2.Nf3 d6 3.Bb5+ Nc6 4.O-O Bd7 5.Re1 Nf6 6.h3 Nd4 7.Nxd4 cxd4 8.Bc4 g6
9.d3 Bg7 10.Nd2 O-O 11.Nf3 e5 12.a4 Be6 13.b3 h6 14.Bd2 Rc8 15.Qc1 Kh7 16.Bb4 Re8
17.Qa3 Bxc4 18.bxc4 Bf8 19.a5 Qd7 20.Qb3 Nh5 21.Bd2 f5 22.Rab1 Rb8 23.Qb5 Qf7
24.Rb3 Nf6 25.exf5 gxf5 26.c5 a6 27.Qa4 Nd7 28.cxd6 Nc5 29.Qa2 Nxb3 30.Nxe5 Qd5
31.f4 Bxd6 32.Qxb3 Qxb3 33.cxb3 Rbc8 34.Nc4 Rxe1+ 35.Bxe1 Bxf4 36.Kf2 Re8
37.Bb4 Be3+ 38.Kf3 f4 39.Nd6 Rd8 40.Bc5 Rd7 41.b4 Kg6 42.Nc4 Kf5 43.Nd6+ Ke6
44.Nc4 Rg7 45.Nb6 Rg3+  0-1

[Event "34th Rilton Cup"]
[Site "Stockholm SWE"]
[Date "2004.12.28"]
[Round "2"]
[White "Backelin,R"]
[Black "Mardell,Ji"]
[Result "1-0"]
[WhiteElo "2304"]
[BlackElo "2078"]

1.e4 c5 2.Nf3 d6 3.Bb5+ Bd7 4.Bxd7+ Qxd7 5.c4 Nf6 6.Nc3 g6 7.O-O Bg7 8.d4 cxd4
9.Nxd4 O-O 10.f3 Nc6 11.Nde2 Rfd8 12.Bg5 Ne8 13.Qd2 Nc7 14.Rfd1 Rab8 15.Rac1 Ne6
16.Be3 Qe8 17.Nd5 Rdc8 18.Nec3 Bd4 19.Nb5 Bxe3+ 20.Qxe3 a6 21.Nxd6 Qf8 22.Nxc8 Rxc8
23.f4  1-0

[Event "Open A"]
[Site "Bethune FRA"]
[Date "2004.12.29"]
[Round "6"]
[White "Bojkov,D"]
[Black "Van der Stricht,G"]
[Result "1-0"]
[WhiteElo "2475"]
[BlackElo "2413"]

1.e4 c5 2.Nf3 d6 3.Bb5+ Bd7 4.Bxd7+ Qxd7 5.O-O Nc6 6.c3 Nf6 7.d4 Nxe4 8.d5 Ne5
9.Re1 Nxf3+ 10.Qxf3 Nf6 11.c4 e5 12.dxe6 fxe6 13.Nc3 Be7 14.Bg5 h6 15.Qh3 O-O-O
16.Qxe6 Qxe6 17.Rxe6 Kd7 18.Rae1 Rhe8 19.Bh4 g5 20.Bg3 Bf8 21.Rxe8 Rxe8 22.Rxe8 Nxe8
23.f4 g4 24.Be1 Bg7 25.Nd1 Ke6 26.Kf1 Kf5 27.g3 Ke4 28.Ke2 Bd4 29.Bc3 Bg1
30.Bh8 h5 31.Nc3+ Kf5 32.Kf1 Be3 33.Nd5 Bd4 34.Bxd4 cxd4 35.Ke2 Ke4 36.Kd2 b5
37.f5 Kxf5 38.cxb5 Ke4 39.Ne7 Nc7 40.a4 Ne6 41.b4 Kf3 42.Nd5 Kg2 43.Nf6 Kxh2
44.Nxh5 Kg2 45.a5 Kf3 46.b6 axb6 47.axb6 Nd8 48.Kd3 d5 49.Kxd4 Nc6+ 50.Kxd5 Nxb4+
51.Kd6 Ke4 52.b7 Na6 53.Kc6 Kf5 54.Kb6 Nb8 55.Kc7 Na6+ 56.Kc8 Kg5 57.Nf4  1-0

[Event "BC Masters"]
[Site "Bois Colombes FRA"]
[Date "2004.12.29"]
[Round "9"]
[White "Pietrasanta,J"]
[Black "Sebag,M"]
[Result "0-1"]
[WhiteElo "2242"]
[BlackElo "2428"]

1.e4 c5 2.Nf3 d6 3.Bb5+ Nd7 4.O-O Nf6 5.Re1 a6 6.Bxd7+ Bxd7 7.c3 Bc6 8.d4 cxd4
9.cxd4 Bxe4 10.Nc3 d5 11.Bg5 e6 12.Bxf6 gxf6 13.Nxe4 dxe4 14.Rxe4 Qd5 15.Re3 Bd6
16.Qd3 O-O-O 17.b4 Kb8 18.Rb1 Qxa2 19.Re2 Qd5 20.Reb2 Rc8 21.Ra1 Rc4 22.Qd2 Rhc8
23.Rbb1 Rc3 24.Ra5 Qc4 25.Raa1 Bxb4 26.Qf4+ Qc7 27.Qxf6 Rc1+ 28.Ne1 Rxb1
29.Rxb1 a5 30.g3 Ka7 31.Qh6 Qc4 32.Qf4 Qa2 33.Qe4 Rc3 34.Rd1 Qb3 35.Rb1 Qc4
36.Kg2  0-1

[Event "Intl"]
[Site "Hastings ENG"]
[Date "2004.12.30"]
[Round "2"]
[White "Smith,Al"]
[Black "Belov,Vl"]
[Result "0-1"]
[WhiteElo "2272"]
[BlackElo "2552"]

1.e4 c5 2.Nf3 d6 3.Bb5+ Bd7 4.Bxd7+ Qxd7 5.O-O Nf6 6.e5 dxe5 7.Nxe5 Qc7 8.d4 cxd4
9.Bf4 Qb6 10.Na3 e6 11.Qf3 Be7 12.Nac4 Qb5 13.Qb3 Qxb3 14.axb3 Nd5 15.Bg3 f6
16.Nf3 Nc6 17.Rfd1 Ndb4 18.Bd6 Rd8 19.Bxe7 Kxe7 20.Na5 Rd5 21.Nxc6+ Nxc6
22.Ne1 a6 23.Nd3 e5 24.f3 Rc8 25.Rd2 Kf7 26.Ra4 Ne7 27.g4 Rd7 28.Kf2 Rdc7
29.Nb4 Rc5 30.Ke2 Ng6 31.Kd3 a5  0-1

[Event "34th Rilton Cup"]
[Site "Stockholm SWE"]
[Date "2004.12.30"]
[Round "4"]
[White "Backelin,R"]
[Black "Akesson,R"]
[Result "1/2-1/2"]
[WhiteElo "2304"]
[BlackElo "2472"]

1.e4 c5 2.Nf3 d6 3.Bb5+ Bd7 4.Bxd7+ Qxd7 5.c4 Nc6 6.Nc3 g6 7.d4 cxd4 8.Nxd4 Bg7
9.Nde2 Nf6 10.O-O O-O 11.f3 e6 12.Bg5 h6 13.Bh4 g5 14.Bf2 Rad8 15.Nd4 Rfe8
16.Rc1 d5 17.exd5 exd5 18.Nxc6 Qxc6 19.cxd5 Nxd5 20.Nxd5 Qxd5  1/2-1/2

[Event "34th Rilton Cup"]
[Site "Stockholm SWE"]
[Date "2004.12.31"]
[Round "5"]
[White "Carlsson,P"]
[Black "Mardell,Ji"]
[Result "1/2-1/2"]
[WhiteElo "2360"]
[BlackElo "2078"]

1.e4 c5 2.Nf3 d6 3.Bb5+ Bd7 4.Bxd7+ Qxd7 5.O-O Nc6 6.c3 Nf6 7.d4 cxd4 8.cxd4 d5
9.e5 Ng8 10.Nc3 e6 11.Ne2 Nge7 12.Nf4 h5 13.g3 Nf5 14.Ng2 O-O-O 15.Bg5 Be7
16.Bxe7 Qxe7 17.Ne3 Nxe3 18.fxe3 f6 19.Rc1 Kb8 20.Qe2 Ka8 21.Nh4 Rh6 22.exf6 gxf6
23.Rf2 Rg8 24.Rcf1 Rg4 25.Rf4 f5 26.Kh1 Rh7 27.Nf3 Rhg7 28.a3 Rg8 29.Qd2 Kb8
30.b4 Nd8 31.Ne5 Rxf4 32.exf4 Nf7 33.Qe2 Nd6 34.Qxh5 Rc8 35.Qg5 Qc7 36.Qf6 Ne4
37.Qxe6 Qc2 38.Nd7+ Ka8 39.Nc5 Nxg3+ 40.Kg1 Ne2+ 41.Kh1 Ng3+ 42.Kg1 Ne2+
43.Kh1 Ng3+  1/2-1/2

[Event "Gibraltar Masters"]
[Site "Caleta ENG"]
[Date "2005.01.01"]
[Round "8"]
[White "Nezad,H"]
[Black "Ocana Roca,J"]
[Result "1/2-1/2"]
[WhiteElo "2349"]
[BlackElo "2149"]

1.e4 c5 2.Nf3 d6 3.Bb5+ Bd7 4.Bxd7+ Qxd7 5.c4 e5 6.Nc3 Nc6 7.d3 g6 8.a3 Bg7
9.O-O Nge7 10.Rb1 O-O 11.b4 b6 12.Nd5 Nxd5 13.cxd5 Nd4 14.Nxd4 exd4 15.bxc5 bxc5
16.Bf4 f5 17.f3 Rab8 18.Qc2 Rxb1 19.Qxb1 fxe4 20.fxe4 Qe7 21.Qb5 Qf7 22.Rf3 Qe7
23.Qa6 Be5 24.Bxe5 Qxe5 25.Rxf8+ Kxf8 26.Qxa7 Qf4 27.Qb8+ Kg7 28.Qb7+ Kh6  1/2-1/2

[Event "Czech Christmas"]
[Site "Litomysl CZE"]
[Date "2005.01.01"]
[Round "8"]
[White "Velicka,P"]
[Black "Jedlicka,A"]
[Result "1-0"]
[WhiteElo "2427"]
[BlackElo "2266"]

1.e4 c5 2.Nf3 d6 3.Bb5+ Bd7 4.Bxd7+ Qxd7 5.c4 Nf6 6.Nc3 g6 7.d4 cxd4 8.Nxd4 Bg7
9.f3 O-O 10.O-O Nc6 11.Nde2 e6 12.Bg5 a6 13.a4 Rfd8 14.Rb1 h6 15.Be3 Qc7
16.Qd2 Kh7 17.Rfd1 Rac8 18.b3 Qa5 19.Kh1 Rd7 20.Bg1 Rcd8 21.f4 d5 22.cxd5 exd5
23.e5 Ne4 24.Nxe4 dxe4 25.Qxd7 Rxd7 26.Rxd7 Nb4 27.e6 Qf5 28.Nd4 Qxf4 29.exf7 Qf6
30.Ne6  1-0

[Event "Open A"]
[Site "Krakow POL"]
[Date "2005.01.02"]
[Round "7"]
[White "Vlassow,V"]
[Black "Solodovnichenko,Y"]
[Result "0-1"]
[WhiteElo "2326"]
[BlackElo "2516"]

1.e4 c5 2.Nf3 d6 3.Bb5+ Nd7 4.d4 Nf6 5.O-O a6 6.Bxd7+ Nxd7 7.Nc3 e6 8.d5 e5
9.a4 Rb8 10.Qe2 g6 11.Nd2 Bg7 12.Nc4 Nb6 13.Ne3 O-O 14.a5 Na8 15.Nc4 f5 16.f4 b5
17.axb6 Nxb6 18.Na5 Bd7 19.fxe5 Bxe5 20.exf5 Qe8 21.Qd1 Rxf5 22.Rxf5 Bxf5
23.Nc6 Bxc2 24.Qf1 Bd4+ 25.Kh1 Qf8 26.Bf4 Re8 27.h3 Bb3 28.Na5 Bxd5 29.Nxd5 Nxd5
30.Qc4 Qxf4 31.Qxd5+ Kh8 32.Nc4 Qf2 33.Kh2 Re1 34.Rxa6 Rh1+  0-1

[Event "Michael Franett Mem"]
[Site "San Francisco USA"]
[Date "2005.01.03"]
[Round "2"]
[White "Thornally,F"]
[Black "Pruess,D"]
[Result "1/2-1/2"]
[WhiteElo "2261"]
[BlackElo "2394"]

1.e4 c5 2.Nf3 d6 3.Bb5+ Nd7 4.c3 a6 5.Ba4 b5 6.Bc2 c4 7.d4 cxd3 8.Qxd3 Bb7
9.Nbd2 Ngf6 10.O-O e6 11.Qe2 Be7 12.Re1 O-O 13.Nf1 Qc7 14.Ng3 Rac8 15.Nd4 Rfe8
16.f4 b4 17.Bd2 bxc3 18.Bxc3 e5 19.Ndf5 Bf8 20.fxe5 dxe5 21.Rad1 Nc5 22.Qf3 Ne6
23.Kh1 Ng5 24.Nh6+ gxh6 25.Qxf6 Re6 26.Qf5 Rg6 27.Rd7 Qc6 28.Nh5 Re8 29.Bb3 Ree6
30.Bxe6 Rxe6 31.Bxe5 Be7 32.Rxe7 Rxe7 33.Nf6+ Kf8 34.Rd1 Re6 35.Rd8+ Ke7
36.Re8+ Qxe8 37.Nxe8 Kxe8 38.h4 Nxe4 39.Qxh7 Ke7 40.Bd4 Rg6 41.Qh8 Nd6 42.Kg1  1/2-1/2

[Event "34th Rilton Cup"]
[Site "Stockholm SWE"]
[Date "2005.01.03"]
[Round "7"]
[White "Lindberg,Bo"]
[Black "De Firmian,N"]
[Result "0-1"]
[WhiteElo "2326"]
[BlackElo "2550"]

1.e4 c5 2.Nf3 d6 3.Bb5+ Bd7 4.Bxd7+ Nxd7 5.O-O Ngf6 6.Qe2 e6 7.b3 Be7 8.Bb2 O-O
9.c4 e5 10.Nc3 Nh5 11.Nd5 Ndf6 12.Ne1 Nxd5 13.Qxh5 Nf4 14.Qg4 f5 15.exf5 Qd7
16.Nc2 h5 17.Qf3 Rxf5 18.Ne3 Rg5 19.Kh1 Rf8 20.Qe4 h4 21.Rae1 Rf7 22.d3 Qc6
23.f3 Rg6 24.Bc1 Kh7 25.Bd2 Bd8 26.Rb1 Rf8 27.Rf2 Qxe4 28.dxe4 h3 29.g3 Nd3
30.Rff1 Bg5 31.Rbd1 Bxe3 32.Bxe3 Nb4 33.f4 Nc2 34.Rd3 exf4 35.Rxf4 Rgf6 36.Kg1 Ne1
37.Rxd6 Nf3+ 38.Kf2 Rxd6 39.Rxf8 Nxh2 40.Rf4 g5 41.Rf7+ Kg6 42.Rf8 Ng4+ 43.Kf3 h2
44.Rh8 Kg7  0-1

[Event "Open A"]
[Site "Krakow POL"]
[Date "2005.01.04"]
[Round "9"]
[White "Vlassow,V"]
[Black "Czarnota,D"]
[Result "1/2-1/2"]
[WhiteElo "2326"]
[BlackElo "2196"]

1.e4 c5 2.Nf3 d6 3.Bb5+ Bd7 4.Bxd7+ Qxd7 5.O-O Nf6 6.Re1 e6 7.c3 Be7 8.d4 cxd4
9.cxd4 d5 10.e5 Ne4 11.Nbd2 Nxd2 12.Bxd2 O-O 13.Rc1 Na6 14.h4 Rac8 15.Rxc8 Rxc8
16.Ng5 h6 17.Nh3 Bb4 18.Re3 Bxd2 19.Qxd2 Qe7 20.Rc3 Rxc3 21.Qxc3 Qc7 22.Qxc7 Nxc7  1/2-1/2

[Event "1st IM"]
[Site "Mataro ESP"]
[Date "2005.01.04"]
[Round "8"]
[White "Gonzalez Vericat,S"]
[Black "Gomez Anadon,D"]
[Result "0-1"]
[WhiteElo "2237"]
[BlackElo "2304"]

1.e4 c5 2.Nf3 d6 3.Bb5+ Bd7 4.Bxd7+ Nxd7 5.c4 Ngf6 6.Nc3 e6 7.O-O Ne5 8.Ne1 Be7
9.d4 cxd4 10.Qxd4 a6 11.b3 O-O 12.a4 Qc7 13.Ba3 Nfd7 14.f4 Nc6 15.Qe3 Na5
16.Ne2 Nc5 17.Rb1 Qc6 18.Nf3 Naxb3 19.Rxb3 Nxb3 20.Qxb3 Qxe4 21.Ng3 Qc6 22.Nd4 Qc7
23.f5 Rac8 24.f6 Bxf6 25.Rxf6 gxf6 26.Nh5 Kh8 27.Qf3 f5 28.Qg3 Rg8 29.Qxd6 Qxd6
30.Bxd6 Rg6 31.c5 Kg8 32.Nf4 Rg4 33.Kf2 Rxf4+ 34.Bxf4 Rxc5 35.Nb3 Rc4 36.Be5 Rxa4
37.Nc5 Ra2+ 38.Kg3 b5 39.Nd7 h6 40.Nf6+ Kf8 41.Bd6+ Kg7 42.Nh5+ Kg6 43.Nf4+ Kh7
44.Kh4 f6 45.Nxe6 Rxg2  0-1

[Event "XI Open A"]
[Site "Bosnjaci CRO"]
[Date "2005.01.06"]
[Round "5"]
[White "Zivkovic,Vj"]
[Black "Fercec,N"]
[Result "1/2-1/2"]
[WhiteElo "2406"]
[BlackElo "2477"]

1.e4 c5 2.Nf3 d6 3.Bb5+ Nc6 4.O-O Bd7 5.c3 Nf6 6.Re1 a6 7.Ba4 b5 8.Bc2 Bg4
9.a4 Rb8 10.axb5 axb5 11.d4 cxd4 12.cxd4 Bxf3 13.gxf3 e5 14.Be3 exd4 15.Bxd4 Be7
16.Be3 O-O 17.Nc3 Ne5 18.Bb3 Qd7 19.Kg2 Ng6 20.Rg1 Nh5 21.Nd5 Kh8 22.f4 Nf6
23.f5 Ne5 24.Nxe7 Qxe7 25.Ra7 Rb7 26.Rxb7 Qxb7 27.f3 Qe7 28.Bg5 h6 29.Bh4 g5
30.fxg6 fxg6 31.f4 Nc4 32.Re1 g5 33.fxg5 hxg5 34.Bg3 Ne5  1/2-1/2

[Event "XI Open A"]
[Site "Bosnjaci CRO"]
[Date "2005.01.06"]
[Round "6"]
[White "Popovic,Du"]
[Black "Jovanovic,Zo2"]
[Result "1-0"]
[WhiteElo "2447"]
[BlackElo "2446"]

1.e4 c5 2.Nf3 d6 3.Bb5+ Bd7 4.Bxd7+ Nxd7 5.O-O Ngf6 6.Qe2 e6 7.b3 Be7 8.Bb2 O-O
9.c4 a6 10.d4 cxd4 11.Nxd4 Qb6 12.Nc2 Rfc8 13.Nc3 Qa5 14.Rad1 b5 15.b4 Qb6
16.cxb5 axb5 17.Nd4 Ne5 18.Ndxb5 Nc4 19.Bc1 d5 20.exd5 Bxb4 21.dxe6 Qxe6
22.Qxe6 fxe6 23.Bg5 Bxc3 24.Nxc3 Nb2 25.Rb1 Rxc3 26.Bxf6 gxf6 27.Rxb2 Rca3
28.Rb6 Kf7 29.Re1 e5 30.f4 exf4 31.Ree6 Rxa2 32.Rxf6+ Kg7 33.Rxf4 Ra1+ 34.Kf2 R1a2+
35.Kg3 R8a3+ 36.Rf3 Ra6 37.Rb7+ Kg6 38.Rff7 h6 39.Rg7+ Kf5 40.Kh3 R2a5 41.Kh4 Rf6
42.g4+ Ke5 43.Rbe7+ Kd6 44.Rd7+ Kc6 45.Rgf7 Rg6 46.Rg7 Rf6 47.Rd3 Rc5 48.Rg8 Kc7
49.Ra8 Rg6 50.Ra7+ Kb6 51.Rda3 Rcc6 52.R3a6+ Kc5 53.Rxc6+ Rxc6 54.Kh5 Kd5
55.Rh7  1-0

[Event "3rd Platonov Mem"]
[Site "Kiev UKR"]
[Date "2005.01.06"]
[Round "3"]
[White "Vysochin,S"]
[Black "Kislinsky,A"]
[Result "1/2-1/2"]
[WhiteElo "2579"]
[BlackElo "2406"]

1.e4 c5 2.Nf3 d6 3.Bb5+ Bd7 4.Bxd7+ Qxd7 5.O-O Nc6 6.c3 Nf6 7.Re1 e6 8.d4 cxd4
9.cxd4 d5 10.e5 Ne4 11.Nbd2 Nxd2 12.Bxd2 Be7 13.Rc1 O-O 14.Bg5 Bxg5 15.Nxg5 h6
16.Nf3 Rfc8  1/2-1/2

[Event "XI Open A"]
[Site "Bosnjaci CRO"]
[Date "2005.01.07"]
[Round "7"]
[White "Zivkovic,Vj"]
[Black "Zufic,M"]
[Result "1/2-1/2"]
[WhiteElo "2406"]
[BlackElo "2370"]

1.e4 c5 2.Nf3 d6 3.Bb5+ Nd7 4.c3 Nf6 5.Qe2 a6 6.Ba4 e6 7.O-O Be7 8.d4 O-O
9.Nbd2 cxd4 10.cxd4 Qc7 11.e5 dxe5 12.dxe5 Ng4 13.Bxd7 Bxd7 14.Qc4 Qxc4 15.Nxc4 Bb5
16.b3 f6 17.Bb2 Rac8 18.exf6 gxf6 19.h3 Bxc4 20.bxc4 Nh6 21.Bc1 Nf5 22.Rb1 Rc7
23.Be3 Nxe3 24.fxe3 Rd8 25.Rfc1 Bc5 26.Rb3 b5 27.Kf1 b4 28.Ke2 Rcd7 29.Rc2 a5
30.Rd2 Rxd2+ 31.Nxd2 Kf7 32.Ne4 Be7 33.Nf2 a4 34.Rb1 Rc8 35.Rc1 e5 36.g4 Ke6
37.Nd3 h5 38.c5 hxg4 39.hxg4 Rb8 40.e4 Kd7 41.Rb1 b3 42.axb3 axb3 43.Kd2 Bd8
44.Kc3 Ba5+ 45.Kc4 Kc6 46.Rxb3 Rd8 47.Nb4+ Bxb4 48.Rxb4 Rd4+ 49.Kc3 Rd1 50.Rb6+ Kxc5
51.Rxf6  1/2-1/2

[Event "XI Open A"]
[Site "Bosnjaci CRO"]
[Date "2005.01.07"]
[Round "7"]
[White "Jovanovic,Zo2"]
[Black "Fercec,N"]
[Result "1/2-1/2"]
[WhiteElo "2446"]
[BlackElo "2477"]

1.e4 c5 2.Nf3 d6 3.Bb5+ Nc6 4.c3 Nf6 5.Qe2 e5 6.d4 Qc7 7.O-O Bd7 8.Bg5 Be7
9.dxe5 dxe5 10.Bxf6 Bxf6 11.Bxc6 Qxc6 12.c4 g5 13.Nc3 g4 14.Ne1 Bg5 15.Nc2 O-O-O
16.Ne3 h5 17.Rad1 Be6 18.Nf5 Kb8 19.Rxd8+ Rxd8 20.Nd5 a6 21.b3 Ka7 22.a4 Qd7
23.f3 gxf3 24.Qxf3 h4 25.Qf2 Bxd5 26.exd5 e4 27.Qxc5+ Ka8 28.d6 h3 29.Re1 Re8
30.Qd5 e3 31.g3 f6 32.Ne7 Qg4 33.d7 Rd8 34.Nf5 Rxd7 35.Qxd7 Qf3 36.Qd8+ Ka7
37.Qd4+ Ka8  1/2-1/2

[Event "XI Open A"]
[Site "Bosnjaci CRO"]
[Date "2005.01.09"]
[Round "9"]
[White "Nevednichy,V"]
[Black "Fercec,N"]
[Result "1/2-1/2"]
[WhiteElo "2552"]
[BlackElo "2477"]

1.e4 c5 2.Nf3 d6 3.Bb5+ Nc6 4.Bxc6+ bxc6 5.O-O e5 6.c3 Nf6 7.Re1 Be7 8.d4 cxd4
9.cxd4 Qc7 10.dxe5 dxe5 11.Nbd2 Ba6 12.Qc2 O-O 13.Nc4 Nd7 14.Bd2 f6 15.Rac1 Kh8
16.Nh4 Nc5 17.Re3 Ne6 18.Ba5 Qd7 19.Nf5 c5 20.Qd2 Nd4 21.Rd3 Qe6 22.Nxe7  1/2-1/2

[Event "Michael Franett Mem"]
[Site "San Francisco USA"]
[Date "2005.01.12"]
[Round "11"]
[White "Ganbold,O"]
[Black "Baginskaite,C"]
[Result "1-0"]
[WhiteElo "2382"]
[BlackElo "2336"]

1.e4 c5 2.Nf3 d6 3.Bb5+ Nd7 4.d4 Nf6 5.e5 cxd4 6.Qxd4 dxe5 7.Nxe5 g6 8.O-O Bg7
9.Rd1 O-O 10.Nxd7 Nxd7 11.Qa4 Nb6 12.Rxd8 Rxd8 13.Qf4 Rd1+ 14.Bf1 Nd5 15.Nc3 Rxf1+
16.Kxf1 Nxf4 17.Bxf4 Be6 18.Nd1 Rd8 19.Ke1 h6 20.Bd2 Bd5 21.g3 Bf3 22.a4 e5
23.Bc3 f5 24.Ne3 f4 25.Nc4 g5 26.Kf1 e4 27.Ne5 Rd1+ 28.Rxd1 Bxd1 29.a5 Bxc2
30.gxf4 gxf4 31.Ng6 Bxc3 32.bxc3 f3 33.Ne7+ Kf7 34.Nc8 a6 35.Nd6+ Ke6 36.Nxb7 Kd5
37.Ke1 Kc6 38.Nd8+ Kb5 39.Nb7 Kc6 40.Nd8+ Kb5 41.Nb7 Bb3 42.Nd6+ Kxa5 43.Nxe4 Bd5
44.Nf6 Bc4 45.Ng4 Ka4 46.Nxh6 Kb3 47.Kd2 a5 48.Nf5 a4 49.Nd4+ Kb2 50.Nc2 a3
51.h4 a2 52.h5 Bb3 53.Na1 Kxa1 54.Kc1  1-0

[Event "Corus B"]
[Site "Wijk aan Zee NED"]
[Date "2005.01.15"]
[Round "1"]
[White "Smeets,J"]
[Black "Cheparinov,I"]
[Result "1/2-1/2"]
[WhiteElo "2475"]
[BlackElo "2572"]

1.e4 c5 2.Nf3 d6 3.Bb5+ Nc6 4.O-O Bd7 5.Re1 Nf6 6.c3 a6 7.Bf1 Bg4 8.h3 Bxf3
9.Qxf3 g6 10.Qd1 Bg7 11.Na3 O-O 12.Nc2 Rc8 13.g3 Qc7 14.d3 d5 15.Qe2 e5 16.Ne3 d4
17.Nd5 Nxd5 18.exd5 Ne7 19.Bg2 Nf5 20.Bd2 Rfe8 21.Rac1 Qd7 22.c4 Nd6 23.b4 b6
24.bxc5 bxc5 25.Rb1 f5 26.Rb6 e4 27.Rxa6 Rb8 28.Qf1 Rb2 29.Bf4 Be5 30.Bh6 e3
31.fxe3 dxe3 32.Qf3 Rf2 33.Qxe3 Bd4 34.Qxd4 Rxg2+ 35.Kxg2 cxd4 36.Rxd6 Qxd6
37.Rxe8+ Kf7 38.Re2 Qa3 39.Rd2 Ke7 40.Bf4 Kd7 41.h4 Kc8 42.Kf2 Kd7 43.Re2 h6
44.Rd2 Qc1 45.Kg2 h5 46.Re2 Qd1 47.Rd2 Qc1 48.a4 Qa3 49.Kf2 Qc1 50.Kg2 Qa3
51.Kh2 Qc3 52.Rg2 Kc8 53.a5 Qxa5 54.Rb2 Qc3 55.Rb8+ Kd7 56.Rb7+ Kd8 57.d6 Qc2+
58.Kg1 Qd1+ 59.Kf2 Qc2+ 60.Ke1 Qxd3 61.Bg5+ Kc8 62.d7+ Kxb7 63.d8=Q Qc3+
64.Kd1 Qb3+ 65.Kd2 Qc3+ 66.Ke2 Qxc4+  1/2-1/2

[Event "ch-Kiev"]
[Site "Kiev UKR"]
[Date "2005.01.21"]
[Round "4"]
[White "Semenova,L"]
[Black "Evchin,M"]
[Result "0-1"]
[WhiteElo "2257"]
[BlackElo "2248"]

1.e4 c5 2.Nf3 d6 3.Bb5+ Nd7 4.O-O Nf6 5.Re1 a6 6.Bf1 b6 7.c4 Bb7 8.Nc3 e6
9.d3 Be7 10.h3 Ne5 11.Nh2 Nc6 12.f4 O-O 13.g4 Nd4 14.Bg2 Nd7 15.Be3 b5 16.b3 b4
17.Ne2 Nxe2+ 18.Rxe2 Bf6 19.Rb1 a5 20.g5 Bd4 21.h4 a4 22.Bxd4 cxd4 23.bxa4 Qa5
24.Reb2 Bc6 25.Rxb4 Nc5 26.Qf1 Nxa4 27.e5 Bxg2 28.Qxg2 Nc3 29.R1b3 Nxa2 30.Rb5 Qe1+
31.Nf1 d5 32.cxd5 Nc3 33.Qf2 Qd1 34.d6 Nxb5 35.Rxb5 Qxd3 36.Qb2 Qf3 37.Qf2 Qg4+
38.Ng3 Ra3 39.Kg2 Rxg3+ 40.Qxg3 Qe2+ 41.Qf2 Qxb5 42.Qxd4 Qe2+ 43.Qf2 Qxf2+
44.Kxf2 Ra8  0-1

[Event "Open"]
[Site "Geneva SUI"]
[Date "2005.01.22"]
[Round "1"]
[White "Wilson,A"]
[Black "Bergez,L"]
[Result "0-1"]
[WhiteElo "2072"]
[BlackElo "2371"]

1.e4 c5 2.Nf3 d6 3.Bb5+ Nc6 4.Bxc6+ bxc6 5.O-O e5 6.Re1 Be7 7.c3 Nf6 8.d4 cxd4
9.cxd4 Qc7 10.dxe5 dxe5 11.Nbd2 O-O 12.Nc4 Bb4 13.Bd2 Rd8 14.Qc2 Bxd2 15.Ncxd2 Nh5
16.Rac1 Nf4 17.Re3 Be6 18.g3 Nh3+ 19.Kg2 f6 20.Rc3 Bd7 21.Nb3 Kh8 22.Nc5 Bg4
23.Nh4 Ng5 24.f3 Bh3+ 25.Kh1 Qf7 26.f4 Ne6 27.Nxe6 Qxe6 28.f5 Qxa2 29.Qe2 Rab8
30.R3c2 Rb5 31.Qh5 Rxb2 32.Rxb2 Qxb2 33.Rg1 Qc2 34.Ng6+ Kg8 35.Qh4 Rd2  0-1

[Event "4NCL"]
[Site "Nottingham ENG"]
[Date "2005.01.22"]
[Round "5"]
[White "Wall,G"]
[Black "Hunt,A"]
[Result "1/2-1/2"]
[WhiteElo "2368"]
[BlackElo "2434"]

1.e4 c5 2.Nf3 d6 3.Bb5+ Bd7 4.a4 Nc6 5.d3 g6 6.O-O Bg7 7.Nbd2 Nf6 8.Nc4 O-O
9.Re1 Bg4 10.c3 e5 11.h3 Be6 12.Ng5 Nh5 13.Nxe6 fxe6 14.Qg4 Qe7 15.g3 Rf7
16.Bg5 Bf6 17.Bh6 Bg7 18.Bg5 Bf6 19.h4 Raf8 20.Re2 Nd8 21.Ne3 Bxg5 22.hxg5 Rf3
23.Bc4 Qf7 24.Nf5 Rxf5 25.exf5 gxf5 26.Qh4 f4 27.g4 f3 28.Rxe5 Nf4 29.Rf5 Qe7
30.Rxf8+ Qxf8 31.d4 d5 32.Bf1 cxd4 33.Qg3 e5 34.Qxf3 e4 35.Qh1 Nf7 36.cxd4 Nxg5
37.Ra3 Qxa3 38.bxa3 Nf3+ 39.Qxf3 exf3 40.Kh2 Ne2 41.g5 Kg7 42.Kh3 Nxd4 43.Kg4 Ne6
44.a5 d4 45.Bc4 Nc5 46.Kxf3 Kg6 47.Bg8 Kg7 48.Bc4  1/2-1/2

[Event "4NCL"]
[Site "Nottingham ENG"]
[Date "2005.01.22"]
[Round "5"]
[White "Charleshouse,G"]
[Black "Jackson,A"]
[Result "1-0"]
[WhiteElo "2251"]
[BlackElo "2226"]

1.e4 c5 2.Nf3 d6 3.Bb5+ Nd7 4.d4 Nf6 5.Nc3 a6 6.Bxd7+ Nxd7 7.O-O g6 8.dxc5 dxc5
9.Bg5 Bg7 10.Qd5 h6 11.Bh4 g5 12.Bg3 e6 13.Qd3 g4 14.Nd2 Ne5 15.Qe2 h5 16.Rad1 Bd7
17.Nc4 Nxc4 18.Qxc4 b5 19.Qxc5 Rc8 20.Qa3 Qb6 21.Rd6 b4 22.Qb3 Qa5 23.Rfd1 bxc3
24.Rxd7 O-O 25.bxc3 Rxc3 26.Qb1 Qb5 27.Qc1 Qe2 28.Qf4 Rxc2 29.Qg5 Qxe4 30.Qxh5 Qf5
31.Qh4 Bf6 32.Qh6 Bg5 33.Qh5 Bf6 34.Qxf5 exf5 35.R7d5 Rxa2 36.Rxf5 Kg7 37.Rf4 a5
38.Rxg4+ Kh7 39.h4 Rg8 40.Rf4  1-0